000 00434nam a2200157Ia 4500
008 210210b1993 xxu||||| |||| 00| 0 eng d
020 _a0 85112 714 2
082 _a032.02 GUIN
100 _aGUINNESS BOOK OF RECORDS 1993.
245 _aGuinnes book of records 1993.
260 _aGreat Britain.
_bGuinness Publishing Ltd.,
_c1993
300 _a704
650 _aGuinness Records
690 _aGeneral Knowledge
906 _a047470
999 _c96763
_d96763